000 00650nam a2200265Ia 4500
005 20260306164037.0
008 008 260114s9999 xx 000 0 eng d
020 _a9780226772042
037 _aEBOOK
040 _aCRL
040 _beng
040 _cCRL
041 _2eng
041 _aeng
084 _qCRL
100 _aSteinzor, Shapiro
_91129887
245 4 _aThe People's Agents And The Battle To Protect The American Public
260 _bUniversity of Chicago Press
260 _c2013
650 _aLaw
856 _uhttps://academic.oup.com/book/21369
942 _cEBOOK
999 _c1712522
_d1712522